[Event "FIDE Open World Blitz 2021"]
[Site "Warsaw"]
[Date "2021.12.29"]
[Round "11.32"]
[White "Santos Latasa, Jaime"]
[Black "Hovhannisyan, Robert"]
[Result "0-1"]
[WhiteElo "2561"]
[BlackElo "2622"]
[Annotator "ChessBase"]
[PlyCount "100"]
[EventDate "2021.12.29"]
[EventType "swiss"]
[EventCountry "POL"]
[Tiebreak "Cut1 Buchholz"]
[SourceTitle "playchess.com"]
[Source "ChessBase"]
[SourceQuality "1"]

1. e4 e5 2. Nf3 Nc6 3. Bb5 Nf6 4. O-O Nxe4 5. Re1 Nd6 6. Nxe5 Be7 7. Bf1 Nxe5
8. Rxe5 O-O 9. d4 Bf6 10. Re1 Re8 11. c3 Rxe1 12. Qxe1 Ne8 13. Bf4 d5 14. Bd3
g6 15. Nd2 Ng7 16. Qe2 Bf5 17. Bxf5 Nxf5 18. Qb5 b6 19. Qc6 Rc8 20. Re1 Bg5 21.
Bxg5 Qxg5 22. Nf3 Qd8 23. h3 Ne7 24. Qf6 Nf5 25. Qxd8+ Rxd8 26. g4 Nd6 27. Re7
Rc8 28. Ne5 Kf8 29. Nc6 a6 30. Kg2 Nc4 31. Re2 a5 32. b3 Nd6 33. Re5 Nb5 34. c4
Nc3 35. a3 dxc4 36. bxc4 Re8 37. c5 Rxe5 38. Nxe5 Nb5 39. cxb6 cxb6 40. a4 Nxd4
41. Nd7+ Ke7 42. Nxb6 Ke6 43. Nc4 Nb3 44. Kf3 Kd5 45. Nb6+ Kc5 46. Nd7+ Kb4 47.
Ne5 Kxa4 48. Nxf7 Kb4 49. Ne5 a4 50. Ke3 Kc3 0-1

[Event "FIDE Open World Blitz 2021"]
[Site "Warsaw"]
[Date "2021.12.29"]
[Round "11.32"]
[White "Wieczorek, Oskar"]
[Black "Nevednichy, Vladislav"]
[Result "0-1"]
[WhiteElo "2258"]
[BlackElo "2379"]
[Annotator "NA"]
[PlyCount "108"]
[EventDate "2021.12.29"]
[EventType "swiss"]
[EventCountry "POL"]
[Tiebreak "Cut1 Buchholz"]
[SourceTitle "playchess.com"]
[Source "ChessBase"]
[SourceQuality "1"]

1. c4 e5 2. Nc3 Bb4 3. Nd5 Be7 4. e3 d6 5. Nc3 f5 6. d4 Nf6 7. Nge2 O-O 8. g3
c6 9. Bg2 Na6 10. O-O e4 11. d5 c5 12. f3 exf3 13. Bxf3 Nc7 14. a4 Nd7 15. Bg2
Ne5 16. b3 Bf6 17. Rb1 Qe7 18. Nf4 g6 19. Qd2 a6 20. a5 Rb8 21. Bb2 b5 22. axb6
Rxb6 23. Ba1 Bd7 24. e4 Rfb8 25. Qc2 Ng4 26. Rfe1 Bd4+ 27. Kh1 Nf2+ 28. Kg1
Nd3+ 29. Kh1 Nxe1 30. Rxe1 Rxb3 31. Qc1 Qf6 32. Nfe2 Be5 33. Rf1 Qg7 34. Bh3
Ne8 35. exf5 Nf6 36. Nf4 gxf5 37. Ne6 Bxe6 38. dxe6 Ng4 39. Bxg4 Qxg4 40. Nd5
Qe4+ 41. Kg1 f4 42. Bxe5 Qxe5 43. gxf4 Qd4+ 44. Kh1 Rb1 45. Rg1+ Kh8 46. Qxb1
Rxb1 47. Rxb1 Qe4+ 48. Kg1 Qxb1+ 49. Kf2 Qe4 50. e7 Kg7 51. Kg3 Kf7 52. Kg4
Qg6+ 53. Kf3 Qe6 54. h4 a5 0-1

[Event "FIDE Open World Blitz 2021"]
[Site "Warsaw"]
[Date "2021.12.29"]
[Round "11.33"]
[White "Timofeev, Artyom"]
[Black "Ter-Sahakyan, Samvel"]
[Result "0-1"]
[WhiteElo "2586"]
[BlackElo "2565"]
[Annotator "ChessBase"]
[PlyCount "116"]
[EventDate "2021.12.29"]
[EventType "swiss"]
[EventCountry "POL"]
[Tiebreak "Cut1 Buchholz"]
[SourceTitle "playchess.com"]
[Source "ChessBase"]
[SourceQuality "1"]

1. c4 e5 2. e3 Nf6 3. Nc3 Bb4 4. Nge2 c6 5. a3 Ba5 6. b4 Bc7 7. d4 O-O 8. d5
cxd5 9. cxd5 d6 10. Bb2 Ng4 11. h3 Nh6 12. g3 f5 13. Bg2 a6 14. O-O Nd7 15. Qd2
Bb6 16. Kh1 Nf6 17. f4 Nf7 18. Ng1 Bd7 19. Nf3 Re8 20. Rae1 Rc8 21. fxe5 Nxe5
22. Nxe5 Rxe5 23. Kh2 Qe8 24. Nd1 Ne4 25. Bxe4 Rxe4 26. Bd4 Bxd4 27. exd4 Rxe1
28. Rxe1 Qf7 29. Nc3 f4 30. gxf4 Qf5 31. Qe3 Re8 32. Qxe8+ Bxe8 33. Rxe8+ Kf7
34. Re3 Qxf4+ 35. Rg3 Qd2+ 36. Kh1 Qxd4 37. Rf3+ Kg8 38. Kg2 h5 39. Kf1 Qe5 40.
Kf2 g5 41. Re3 Qh2+ 42. Ke1 Qf4 43. Kd2 Qd4+ 44. Rd3 Qf2+ 45. Ne2 Kf7 46. Re3
b5 47. Kd3 Qf5+ 48. Kd4 Qc2 49. Rf3+ Kg6 50. Nc3 Qd2+ 51. Ke4 g4 52. hxg4 hxg4
53. Rd3 Qf2 54. Re3 Kg5 55. Ne2 Qf6 56. Kd3 Qb2 57. Ke4 Qc2+ 58. Kd4 Qc4# 0-1

[Event "FIDE Open World Blitz 2021"]
[Site "Warsaw"]
[Date "2021.12.29"]
[Round "11.33"]
[White "Tologontegin, Semetey"]
[Black "Petrovskyi, Vadym"]
[Result "0-1"]
[WhiteElo "2224"]
[BlackElo "2377"]
[Annotator "NA"]
[PlyCount "88"]
[EventDate "2021.12.29"]
[EventType "swiss"]
[EventCountry "POL"]
[Tiebreak "Cut1 Buchholz"]
[SourceTitle "playchess.com"]
[Source "ChessBase"]
[SourceQuality "1"]

1. d4 Nf6 2. Nc3 d5 3. Bf4 c5 4. e3 cxd4 5. exd4 a6 6. Bd3 Nc6 7. Nge2 g6 8. a3
Bg7 9. O-O O-O 10. Re1 Nh5 11. Be3 e5 12. dxe5 d4 13. Nxd4 Nxd4 14. Bxd4 Qxd4
15. Re4 Qd8 16. g4 f5 17. Bc4+ Kh8 18. Rd4 Qg5 19. h4 Qxh4 20. gxh5 Qg5+ 21.
Kf1 f4 22. e6 b5 23. Bd5 Ra7 24. hxg6 Qxg6 25. Re4 f3 26. Qd3 Re7 27. Re3 Qg2+
28. Ke1 Qh1+ 29. Qf1 Qh5 30. Rd1 Bh6 31. Re4 Rfe8 32. Rd3 Bxe6 33. Kd1 Qg5 34.
Ree3 Bxd5 35. Nxd5 Rxe3 36. Nxe3 Qe5 37. c3 Qe4 38. Kd2 a5 39. Qh1 Bg7 40. Qh5
b4 41. Qd5 Qh4 42. Qxf3 Rf8 43. Qg3 Rxf2+ 44. Ke1 Qxg3 0-1

[Event "FIDE Open World Blitz 2021"]
[Site "Warsaw"]
[Date "2021.12.29"]
[Round "11.34"]
[White "Gajewski, Grzegorz"]
[Black "Movsesian, Sergei"]
[Result "1-0"]
[WhiteElo "2589"]
[BlackElo "2615"]
[Annotator "ChessBase"]
[PlyCount "49"]
[EventDate "2021.12.29"]
[EventType "swiss"]
[EventCountry "POL"]
[Tiebreak "Cut1 Buchholz"]
[SourceTitle "playchess.com"]
[Source "ChessBase"]
[SourceQuality "1"]

1. Nf3 d5 2. g3 c6 3. Bg2 Bg4 4. d3 Nd7 5. O-O Ngf6 6. h3 Bh5 7. c4 e6 8. cxd5
exd5 9. e4 dxe4 10. dxe4 Nc5 11. e5 Qxd1 12. Rxd1 Nd5 13. Nc3 Nxc3 14. bxc3 Be7
15. Be3 Rd8 16. Rxd8+ Kxd8 17. Nd4 Bg6 18. Bxc6 Kc7 19. Bg2 a6 20. f4 Bd3 21.
Bd5 f6 22. Rd1 Rd8 23. Rxd3 Rxd5 24. Nb5+ Kc6 25. Na7+ 1-0

[Event "FIDE Open World Blitz 2021"]
[Site "Warsaw"]
[Date "2021.12.29"]
[Round "11.34"]
[White "Aditya, Mittal"]
[Black "Lopusiewicz, Piotr"]
[Result "1/2-1/2"]
[WhiteElo "2245"]
[BlackElo "2279"]
[Annotator "NA"]
[PlyCount "114"]
[EventDate "2021.12.29"]
[EventType "swiss"]
[EventCountry "POL"]
[Tiebreak "Cut1 Buchholz"]
[SourceTitle "playchess.com"]
[Source "ChessBase"]
[SourceQuality "1"]

1. d4 Nf6 2. c4 e6 3. Nc3 d5 4. cxd5 exd5 5. Bg5 Be7 6. e3 h6 7. Bh4 O-O 8. Bd3
c6 9. Qc2 Nbd7 10. Nf3 Re8 11. O-O Ne4 12. Bxe4 Bxh4 13. Bh7+ Kh8 14. Nxh4 Qxh4
15. Bd3 Qe7 16. Rae1 Nf6 17. f3 c5 18. dxc5 Qxc5 19. Nb5 Qxc2 20. Bxc2 Re7 21.
Kf2 Bd7 22. Nd4 Rc8 23. Bd3 Be8 24. g4 g6 25. h4 Nd7 26. Rc1 Nc5 27. Be2 Rec7
28. Rcd1 Na4 29. Rd2 Kg7 30. Rfd1 Bd7 31. Bb5 Bxb5 32. Nxb5 Rc2 33. Nxa7 R8c5
34. b3 Nb2 35. Ke1 Nxd1 36. Kxd1 Rxd2+ 37. Kxd2 Ra5 38. Nc8 Rxa2+ 39. Kd3 Rh2
40. Nd6 Rxh4 41. Nxb7 h5 42. gxh5 gxh5 43. Nd6 Kf6 44. e4 dxe4+ 45. Nxe4+ Ke5
46. Ke3 f5 47. Nc5 f4+ 48. Kd3 Rh3 49. Ke2 Rh2+ 50. Kd3 h4 51. Nd7+ Ke6 52.
Nc5+ Kf5 53. b4 h3 54. Ne4 Rb2 55. Kc3 Re2 56. Kd3 Re3+ 57. Kd4 Rxf3 1/2-1/2

[Event "FIDE Open World Blitz 2021"]
[Site "Warsaw"]
[Date "2021.12.29"]
[Round "11.35"]
[White "Donchenko, Alexander"]
[Black "Harikrishna, Pentala"]
[Result "1/2-1/2"]
[WhiteElo "2645"]
[BlackElo "2614"]
[Annotator "ChessBase"]
[PlyCount "114"]
[EventDate "2021.12.29"]
[EventType "swiss"]
[EventCountry "POL"]
[Tiebreak "Cut1 Buchholz"]
[SourceTitle "playchess.com"]
[Source "ChessBase"]
[SourceQuality "1"]

1. d4 Nf6 2. c4 e6 3. Nc3 Bb4 4. e3 b6 5. Nge2 Ba6 6. a3 Bxc3+ 7. Nxc3 d5 8. b3
O-O 9. Be2 Nbd7 10. O-O c5 11. cxd5 Bxe2 12. Nxe2 Nxd5 13. Bb2 Rc8 14. Rc1 Qe7
15. Qd3 h6 16. Qa6 Nb8 17. Qa4 Qd7 18. Qc4 Nf6 19. Rfd1 cxd4 20. Qxd4 Qb5 21.
Qd3 Qxd3 22. Rxd3 Rxc1+ 23. Bxc1 Rc8 24. Rc3 Rxc3 25. Nxc3 Nbd7 26. Kf1 a6 27.
Ke2 Kf8 28. Bb2 Ke7 29. f3 h5 30. e4 e5 31. Bc1 Ke6 32. Be3 b5 33. a4 bxa4 34.
Nxa4 Ne8 35. Kd3 Kd6 36. Nb2 Kc6 37. Nc4 Nd6 38. Nxd6 Kxd6 39. Kc4 Kc6 40. Kb4
g6 41. Kc4 Nf8 42. Bg5 Nd7 43. Be7 f5 44. exf5 gxf5 45. h3 Nb6+ 46. Kd3 Kd5 47.
g4 hxg4 48. hxg4 fxg4 49. fxg4 e4+ 50. Kc3 Ke5 51. Bc5 Nd5+ 52. Kc4 e3 53. Kd3
Kf4 54. g5 Kxg5 55. Bxe3+ Kf5 56. Bd4 Ke6 57. Kc4 Kd6 1/2-1/2

[Event "FIDE Open World Blitz 2021"]
[Site "Warsaw"]
[Date "2021.12.29"]
[Round "11.35"]
[White "Laith, Kasib"]
[Black "Gluszko, Tomasz"]
[Result "0-1"]
[WhiteElo "2010"]
[BlackElo "2086"]
[Annotator "NA"]
[PlyCount "36"]
[EventDate "2021.12.29"]
[EventType "swiss"]
[EventCountry "POL"]
[Tiebreak "Cut1 Buchholz"]
[SourceTitle "playchess.com"]
[Source "ChessBase"]
[SourceQuality "1"]

1. Nf3 d5 2. g3 Nc6 3. Bg2 e5 4. d3 f6 5. O-O Be6 6. e4 Nge7 7. c3 Qd7 8. Nbd2
g5 9. exd5 Nxd5 10. Ne4 Be7 11. a3 h5 12. c4 Nb6 13. h4 gxh4 14. Nxh4 O-O-O 15.
Be3 Qxd3 16. Qf3 Bg4 17. Rfd1 Qxd1+ 18. Rxd1 Rxd1+ 0-1

[Event "FIDE Open World Blitz 2021"]
[Site "Warsaw"]
[Date "2021.12.29"]
[Round "11.36"]
[White "Murzin, Volodar"]
[Black "Michalik, Peter"]
[Result "1/2-1/2"]
[WhiteElo "2519"]
[BlackElo "2605"]
[Annotator "ChessBase"]
[PlyCount "115"]
[EventDate "2021.12.29"]
[EventType "swiss"]
[EventCountry "POL"]
[Tiebreak "Cut1 Buchholz"]
[SourceTitle "playchess.com"]
[Source "ChessBase"]
[SourceQuality "1"]

1. e4 e5 2. Nf3 Nc6 3. Bb5 a6 4. Ba4 Nf6 5. O-O Be7 6. d3 b5 7. Bb3 O-O 8. Nc3
d6 9. a3 Nb8 10. h3 Nbd7 11. Be3 Bb7 12. Re1 h6 13. a4 b4 14. Ne2 Re8 15. Ng3
Bf8 16. a5 d5 17. exd5 Bxd5 18. Bxd5 Nxd5 19. Bd2 Rb8 20. c3 c5 21. Qa4 Qc7 22.
Ne4 N7f6 23. Rac1 bxc3 24. bxc3 Nxe4 25. dxe4 Nf6 26. c4 Qb7 27. Bc3 Bd6 28.
Nd2 Qd7 29. Qc2 Bc7 30. Nf1 Qc6 31. f3 Nh5 32. Ne3 Nf4 33. Nd5 Nxd5 34. cxd5
Qd7 35. Rb1 Rb5 36. Rb2 Bxa5 37. Bxa5 Rxa5 38. Reb1 Rc8 39. Rb7 Rc7 40. Rb8+
Kh7 41. Qc3 Rb5 42. Qxe5 c4 43. R1xb5 axb5 44. d6 Rc6 45. Rxb5 c3 46. Rc5 c2
47. Qc3 Rxc5 48. Qxc5 Qa4 49. d7 Qa1+ 50. Kh2 c1=Q 51. Qxc1 Qxc1 52. d8=Q Qf4+
53. Kg1 Qc1+ 54. Kf2 Qc2+ 55. Kf1 Qc1+ 56. Kf2 Qb2+ 57. Kg3 Qe5+ 58. Kf2
1/2-1/2

[Event "FIDE Open World Blitz 2021"]
[Site "Warsaw"]
[Date "2021.12.29"]
[Round "11.36"]
[White "Masternak, Grzegorz"]
[Black "Yunusov, Mukhammad"]
[Result "1-0"]
[WhiteElo "2188"]
[BlackElo "1874"]
[Annotator "NA"]
[PlyCount "59"]
[EventDate "2021.12.29"]
[EventType "swiss"]
[EventCountry "POL"]
[Tiebreak "Cut1 Buchholz"]
[SourceTitle "playchess.com"]
[Source "ChessBase"]
[SourceQuality "1"]

1. e4 c5 2. Nc3 Nc6 3. g3 d6 4. Bg2 Nf6 5. d3 e5 6. h3 Be7 7. f4 Be6 8. Nf3 Nd4
9. O-O O-O 10. f5 Bd7 11. g4 h6 12. Be3 Bc6 13. Ne2 Nh7 14. Ng3 Nxf3+ 15. Bxf3
Bg5 16. Bf2 Bh4 17. Bg2 b5 18. Nh5 Bxf2+ 19. Rxf2 Qh4 20. Qf3 g6 21. Ng3 Ng5
22. Qe3 Nxh3+ 23. Bxh3 Qxh3 24. Qf3 Qh4 25. Rh2 Qg5 26. Kf2 gxf5 27. Nxf5 Kh7
28. Rxh6+ Kg8 29. Rah1 f6 30. Rh8+ 1-0

[Event "FIDE Open World Blitz 2021"]
[Site "Warsaw"]
[Date "2021.12.29"]
[Round "11.37"]
[White "Indjic, Aleksandar"]
[Black "Riazantsev, Alexander"]
[Result "1-0"]
[WhiteElo "2603"]
[BlackElo "2634"]
[Annotator "ChessBase"]
[PlyCount "179"]
[EventDate "2021.12.29"]
[EventType "swiss"]
[EventCountry "POL"]
[Tiebreak "Cut1 Buchholz"]
[SourceTitle "playchess.com"]
[Source "ChessBase"]
[SourceQuality "1"]

1. d4 Nf6 2. c4 e6 3. Nf3 Bb4+ 4. Nbd2 O-O 5. a3 Be7 6. e4 d6 7. Be2 a5 8. O-O
a4 9. Qc2 Nc6 10. d5 Ne5 11. Nxe5 dxe5 12. Nf3 exd5 13. cxd5 Bd6 14. Be3 Bg4
15. h3 Bh5 16. Rfe1 Re8 17. Nd2 Bg6 18. Bd3 Nh5 19. Bb5 Rf8 20. Bxa4 Qh4 21.
Bb5 f5 22. exf5 Bxf5 23. Qc4 e4 24. Bc5 Nf4 25. Nxe4 Bxe4 26. Rxe4 Bxc5 27.
Rxf4 Bxf2+ 28. Rxf2 Qxf2+ 29. Kh2 Kh8 30. a4 Qb6 31. Re1 Qd6+ 32. Kh1 Rf6 33.
Qe4 Raf8 34. Bd3 g6 35. Qe5 Qxe5 36. Rxe5 R8f7 37. Re8+ Kg7 38. Rb8 b6 39. Bc4
Rf4 40. b3 Re7 41. Rb7 Kf6 42. d6 cxd6 43. Rxb6 Ke5 44. Rb5+ Kf6 45. a5 Re5 46.
a6 Re1+ 47. Kh2 Ra1 48. Rb7 d5 49. Bb5 Rb4 50. Bc6 Rd4 51. a7 Rd2 52. Rd7 Raa2
53. Bxd5 Rxd5 54. Rxd5 Rxa7 55. b4 Ra2 56. h4 Rb2 57. b5 Rb3 58. Rc5 h6 59. Rd5
Ke6 60. Rc5 Kf6 61. g3 Ke6 62. Kg2 Kf6 63. Kf2 Ke6 64. h5 Kf6 65. Rc6+ Kg5 66.
Rc5+ Kf6 67. g4 gxh5 68. gxh5 Ke6 69. Ke2 Kd6 70. Rf5 Ke6 71. Rc5 Kd6 72. Rc6+
Kd5 73. Rb6 Kc5 74. Rxh6 Kxb5 75. Rd6 Kc5 76. Rd3 Rb2+ 77. Kf3 Rb4 78. Kg3 Kc4
79. Rd8 Kc5 80. h6 Rb7 81. Kg4 Rb4+ 82. Kg5 Rb7 83. Kg6 Rb6+ 84. Kg7 Rb7+ 85.
Kg8 Rb1 86. Rd7 Rb8+ 87. Kg7 Rb1 88. h7 Rg1+ 89. Kf8 Rh1 90. Kg8 1-0

[Event "FIDE Open World Blitz 2021"]
[Site "Warsaw"]
[Date "2021.12.29"]
[Round "11.37"]
[White "Baum, Jonasz"]
[Black "Sallam, Sabri Abdul-Mawla"]
[Result "1-0"]
[WhiteElo "2157"]
[BlackElo "2194"]
[Annotator "NA"]
[PlyCount "30"]
[EventDate "2021.12.29"]
[EventType "swiss"]
[EventCountry "POL"]
[Tiebreak "Cut1 Buchholz"]
[SourceTitle "playchess.com"]
[Source "ChessBase"]
[SourceQuality "1"]

1. d4 Nf6 2. c4 c6 3. Nf3 d5 4. Nbd2 Bf5 5. Nh4 e6 6. Nxf5 exf5 7. e3 Bd6 8.
Bd3 Ne4 9. cxd5 cxd5 10. Qb3 O-O 11. Qxb7 Nd7 12. Qxd5 Ndf6 13. Qxf5 g6 14. Qh3
Bb4 15. Ke2 Bxd2 1-0

[Event "FIDE Open World Blitz 2021"]
[Site "Warsaw"]
[Date "2021.12.29"]
[Round "11.38"]
[White "Blohberger, Felix"]
[Black "Petrosian, Tigran L."]
[Result "1-0"]
[WhiteElo "2490"]
[BlackElo "2602"]
[Annotator "ChessBase"]
[PlyCount "151"]
[EventDate "2021.12.29"]
[EventType "swiss"]
[EventCountry "POL"]
[Tiebreak "Cut1 Buchholz"]
[SourceTitle "playchess.com"]
[Source "ChessBase"]
[SourceQuality "1"]

1. d4 Nf6 2. Nf3 g6 3. Bf4 Bg7 4. e3 O-O 5. Be2 d6 6. O-O Nc6 7. h3 Bf5 8. c3
Re8 9. a4 e5 10. Bh2 Ne4 11. Na3 exd4 12. exd4 Ng5 13. Nc4 Nxf3+ 14. Bxf3 Be4
15. Re1 Bxf3 16. Qxf3 Qf6 17. Qxf6 Bxf6 18. b4 Ne7 19. Ne3 Kg7 20. Kf1 Rac8 21.
a5 a6 22. Rab1 Ra8 23. Bf4 h5 24. g4 hxg4 25. hxg4 Kf8 26. b5 axb5 27. Rxb5 Ra7
28. Reb1 Rc8 29. Nc4 d5 30. Ne3 g5 31. Bg3 Nc6 32. Nxd5 Bd8 33. Rxb7 Rxb7 34.
Rxb7 Nxa5 35. Ra7 c6 36. Bd6+ Kg7 37. Ne3 Kg6 38. Bb4 Nb3 39. Ra6 f6 40. Ke2 c5
41. dxc5 Nxc5 42. Bxc5 Rxc5 43. c4 Bc7 44. Kd3 Be5 45. Nd5 Kf7 46. f3 Rc8 47.
Ra7+ Ke6 48. Ra6+ Kf7 49. Ne3 Rb8 50. Ra7+ Ke8 51. Nd5 Kd8 52. Rf7 Ke8 53. Re7+
Kf8 54. Rh7 Rb1 55. Ke4 Rd1 56. Kf5 Rd3 57. Ke4 Rd4+ 58. Kf5 Rxc4 59. Kg6 Ke8
60. Rh8+ Kd7 61. Nxf6+ Ke6 62. Ne4 Bf4 63. Nxg5+ Kd7 64. Ne4 Be5 65. Rh7+ Ke6
66. Ng5+ Kd5 67. Rd7+ Kc6 68. Rd1 Rc2 69. Ne4 Ra2 70. Rd3 Bf4 71. Kf5 Bc1 72.
g5 Ra5+ 73. Kg4 Ra2 74. g6 Rg2+ 75. Kf5 Kc7 76. Rc3+ 1-0

[Event "FIDE Open World Blitz 2021"]
[Site "Warsaw"]
[Date "2021.12.29"]
[Round "11.39"]
[White "Cheparinov, Ivan"]
[Black "Yuffa, Daniil"]
[Result "0-1"]
[WhiteElo "2594"]
[BlackElo "2567"]
[Annotator "ChessBase"]
[PlyCount "224"]
[EventDate "2021.12.29"]
[EventType "swiss"]
[EventCountry "POL"]
[Tiebreak "Cut1 Buchholz"]
[SourceTitle "playchess.com"]
[Source "ChessBase"]
[SourceQuality "1"]

1. d4 d6 2. e4 g6 3. Nf3 Nf6 4. Nc3 Bg7 5. Be2 c6 6. a4 O-O 7. O-O Nbd7 8. b3
c5 9. Bb2 cxd4 10. Nxd4 a6 11. Re1 Nc5 12. Bf1 Bg4 13. Qd2 Rc8 14. h3 Bd7 15.
a5 Re8 16. b4 Ne6 17. Nxe6 Bxe6 18. Nd5 Nxe4 19. Rxe4 Bxb2 20. Rae1 Bxd5 21.
Qxd5 Rc7 22. c4 Bc3 23. Rb1 Qd7 24. Qd3 Bf6 25. g3 Rec8 26. h4 h5 27. Rf4 Kg7
28. Qd5 Qa4 29. Qd3 Qa2 30. Bh3 Rb8 31. Bf1 b6 32. axb6 Rxb6 33. Re4 a5 34. b5
d5 35. cxd5 Rc3 36. Qd1 Rc2 37. Re2 Rxe2 38. Bxe2 a4 39. Bf1 a3 40. Qd3 Rd6 41.
Rb3 Qa1 42. Rxa3 Qe5 43. Bg2 Qe1+ 44. Bf1 Qe5 45. Bg2 Rb6 46. Rb3 Qd6 47. Rb1
Qc5 48. Qe2 Bd4 49. Bf3 Rf6 50. Kg2 Qc3 51. b6 Bxb6 52. Rd1 Bc5 53. Rd3 Qb4 54.
Rd1 Bd6 55. Rd3 Qc5 56. Rd2 Qb6 57. Rd3 Qb5 58. Rd2 Qa5 59. Rd3 Qb4 60. Re3 Rf5
61. Re4 Qc5 62. Re3 Qd4 63. Rd3 Qf6 64. Re3 Qa1 65. Rd3 Bc5 66. Rb3 Bd4 67.
Qxe7 Qa2 68. Re3 Bxe3 69. Qxe3 Qa8 70. Qd4+ Rf6 71. Qc3 Qd8 72. Qd4 Qd6 73. Qc3
Kg8 74. Qc8+ Kh7 75. Qc3 Rf5 76. Qd3 Re5 77. Qc3 Re7 78. Qd4 Re8 79. Qd3 Rd8
80. Bxh5 Qxd5+ 81. Qxd5 Rxd5 82. Bf3 Rd4 83. Be2 Kg7 84. Bf3 Kf6 85. Be2 Rb4
86. Bf3 Rb5 87. Be2 Ra5 88. Bd3 Ke5 89. Bc4 Ra7 90. Bb3 Ke4 91. Bc2+ Kd4 92.
Bb3 Kc3 93. Bd5 Kd3 94. Kf3 Kd4 95. Bc6 Rc7 96. Be8 Ke5 97. Kg2 Ke4 98. Bb5 Rc5
99. Be8 Rf5 100. Bc6+ Kd3 101. Bd7 Rf6 102. Bb5+ Kd2 103. Bd7 Ke1 104. f3 Ke2
105. Bg4 Ke3 106. f4 Rd6 107. h5 f5 108. Bh3 Rd2+ 109. Kh1 gxh5 110. Bxf5 Kf3
111. Bg6 Kxg3 112. Bxh5 Rh2+ 0-1

[Event "FIDE Open World Blitz 2021"]
[Site "Warsaw"]
[Date "2021.12.29"]
[Round "11.40"]
[White "Demidov, Mikhail"]
[Black "Faizrakhmanov, Ramil"]
[Result "1/2-1/2"]
[WhiteElo "2592"]
[BlackElo "2396"]
[Annotator "ChessBase"]
[PlyCount "170"]
[EventDate "2021.12.29"]
[EventType "swiss"]
[EventCountry "POL"]
[Tiebreak "Cut1 Buchholz"]
[SourceTitle "playchess.com"]
[Source "ChessBase"]
[SourceQuality "1"]

1. c4 Nf6 2. Nc3 e5 3. Nf3 Nc6 4. e4 Bb4 5. d3 d6 6. a3 Bc5 7. b4 Bb6 8. Na4
Bd4 9. Rb1 Bg4 10. Be2 Bxf3 11. Bxf3 a6 12. Qd2 Ba7 13. O-O O-O 14. Nc3 Nd4 15.
Bd1 c6 16. Ne2 d5 17. exd5 cxd5 18. c5 Nc6 19. Bb2 Re8 20. Bb3 b5 21. f4 Bb8
22. Rbe1 Bc7 23. fxe5 Bxe5 24. Bxe5 Rxe5 25. d4 Re4 26. Bc2 Re8 27. Ng3 Rxe1
28. Rxe1 Qd7 29. Nf5 Re8 30. Rf1 Ne4 31. Bxe4 Rxe4 32. Qg5 f6 33. Nh6+ Kf8 34.
Rxf6+ gxf6 35. Qxf6+ Ke8 36. Nf5 Ne7 37. Qh8+ Kf7 38. Nd6+ Kg6 39. Nxe4 dxe4
40. Qe5 Nd5 41. Qxe4+ Qf5 42. Qe8+ Kg7 43. Qe1 Qf4 44. Qd1 Nc3 45. Qe1 Qxd4+
46. Kh1 Ne4 47. h3 Nf2+ 48. Kh2 Ne4 49. Qh4 Qe5+ 50. Kg1 Nc3 51. Qg4+ Kf7 52.
Qd7+ Kf6 53. Qc6+ Kf5 54. Qd7+ Ke4 55. Qxh7+ Ke3 56. Qh6+ Ke2 57. c6 Nd5 58.
Qc1 Nc7 59. Qc2+ Ke1 60. Qf2+ Kd1 61. h4 Nd5 62. Qf3+ Kd2 63. Qf2+ Kd3 64. Qf1+
Kd2 65. Kh1 Ne3 66. Qf2+ Kd3 67. Qf3 Qa1+ 68. Kh2 Qe5+ 69. g3 Kd2 70. Qf4 Qd5
71. Qf2+ Kd3 72. Kh3 Qe6+ 73. g4 Qxc6 74. h5 Qe4 75. Qg3 Qh1+ 76. Qh2 Qxh2+ 77.
Kxh2 Nxg4+ 78. Kg3 Nh6 79. Kf4 Kd4 80. Kg5 Nf7+ 81. Kf6 Nh6 82. Kg6 Ng4 83. Kf5
Nh6+ 84. Kg6 Ng8 85. Kf7 Nh6+ 1/2-1/2

[Event "FIDE Open World Blitz 2021"]
[Site "Warsaw"]
[Date "2021.12.29"]
[Round "11.41"]
[White "Jumabayev, Rinat"]
[Black "Paravyan, David"]
[Result "0-1"]
[WhiteElo "2658"]
[BlackElo "2642"]
[Annotator "ChessBase"]
[PlyCount "108"]
[EventDate "2021.12.29"]
[EventType "swiss"]
[EventCountry "POL"]
[Tiebreak "Cut1 Buchholz"]
[SourceTitle "playchess.com"]
[Source "ChessBase"]
[SourceQuality "1"]

1. Nf3 Nf6 2. g3 d5 3. Bg2 c6 4. O-O Bg4 5. Ne5 Bf5 6. d4 e6 7. c4 Nbd7 8. Nc3
Be7 9. Qb3 Qb6 10. Nxd7 Nxd7 11. e4 dxe4 12. Nxe4 Qxb3 13. axb3 O-O 14. Bf4
Bxe4 15. Bxe4 Nf6 16. Bf3 Rfd8 17. Rfd1 h6 18. h3 Rd7 19. Rd3 a6 20. Rad1 Rad8
21. Be3 Bc5 22. Be2 Ba7 23. Kf1 Ne8 24. Ke1 Nd6 25. Bg4 Nf5 26. Bxf5 exf5 27.
Ke2 f6 28. d5 Bxe3 29. dxc6 Rxd3 30. Rxd3 Bd4 31. c7 Re8+ 32. Kf3 Bb6 33. Rd7
Rc8 34. c5 Bxc7 35. b4 Be5 36. b3 a5 37. bxa5 Rxc5 38. Rxb7 Rxa5 39. h4 h5 40.
Ke3 Ra1 41. Kd3 Rb1 42. b4 Rb2 43. f4 Bd6 44. b5 Rb3+ 45. Kd4 Rxg3 46. Kd5 Bxf4
47. Ke6 Be5 48. Kxf5 Kh7 49. b6 Rg4 50. Re7 Rxh4 51. b7 Rf4+ 52. Ke6 Kg6 53.
Kd5 Rb4 54. Kc5 Rb1 0-1

[Event "FIDE Open World Blitz 2021"]
[Site "Warsaw"]
[Date "2021.12.29"]
[Round "11.42"]
[White "Vakhidov, Jakhongir"]
[Black "Wojtaszek, Radoslaw"]
[Result "1/2-1/2"]
[WhiteElo "2557"]
[BlackElo "2700"]
[Annotator "ChessBase"]
[PlyCount "115"]
[EventDate "2021.12.29"]
[EventType "swiss"]
[EventCountry "POL"]
[Tiebreak "Cut1 Buchholz"]
[SourceTitle "playchess.com"]
[Source "ChessBase"]
[SourceQuality "1"]

1. e4 c5 2. Nc3 d6 3. Bb5+ Nd7 4. Nf3 a6 5. Bxd7+ Bxd7 6. d4 cxd4 7. Qxd4 e5 8.
Qd3 h6 9. a4 Nf6 10. Nd2 Qc7 11. Nc4 Rc8 12. Ne3 Be6 13. O-O Be7 14. Rd1 O-O
15. Bd2 Qb6 16. Be1 Rfd8 17. a5 Qc7 18. Na4 Qc6 19. Nb6 Qxe4 20. Nxc8 Rxc8 21.
Qxe4 Nxe4 22. c4 f5 23. Nd5 Bf8 24. Nb6 Rc6 25. f3 Nf6 26. b3 Kf7 27. Rac1 g5
28. b4 g4 29. b5 Rc7 30. Bb4 gxf3 31. bxa6 f2+ 32. Kf1 bxa6 33. Bxd6 Bxd6 34.
Rxd6 Ne4 35. Rd3 Rc5 36. Nd7 Rxa5 37. c5 Ke7 38. Nxe5 Nxc5 39. Nc6+ Kf6 40. Rd2
Ne4 41. Nxa5 Nxd2+ 42. Kxf2 Ne4+ 43. Ke3 Bd5 44. Rb1 Ke5 45. g3 Nf6 46. Rb6
Ng4+ 47. Ke2 h5 48. h4 f4 49. gxf4+ Kxf4 50. Rxa6 Kg3 51. Rd6 Bf3+ 52. Ke1 Kxh4
53. Nc4 Kg3 54. Nd2 h4 55. Rd3 Ne5 56. Re3 Kf4 57. Rxe5 Kxe5 58. Nxf3+ 1/2-1/2

[Event "FIDE Open World Blitz 2021"]
[Site "Warsaw"]
[Date "2021.12.29"]
[Round "11.43"]
[White "Piorun, Kacper"]
[Black "Korobov, Anton"]
[Result "0-1"]
[WhiteElo "2634"]
[BlackElo "2684"]
[Annotator "ChessBase"]
[PlyCount "101"]
[EventDate "2021.12.29"]
[EventType "swiss"]
[EventCountry "POL"]
[Tiebreak "Cut1 Buchholz"]
[SourceTitle "playchess.com"]
[Source "ChessBase"]
[SourceQuality "1"]

1. c4 b6 2. Nf3 Bb7 3. g3 Bxf3 4. exf3 c5 5. d4 cxd4 6. Qxd4 Nc6 7. Qd1 g6 8.
h4 Nf6 9. Nc3 Bg7 10. Be2 Rc8 11. Be3 h5 12. Rc1 O-O 13. g4 e6 14. g5 Ne8 15.
f4 Qe7 16. O-O Nd6 17. Bd3 Nb4 18. b3 Nxd3 19. Qxd3 Nf5 20. Nb5 a6 21. Nc3 Rc6
22. Na4 Rb8 23. Rcd1 d6 24. Qe4 Qc7 25. Rc1 Nxh4 26. b4 Nf5 27. c5 d5 28. Qf3
b5 29. Nb6 a5 30. a4 Nxe3 31. Qxe3 d4 32. Qe4 bxa4 33. bxa5 d3 34. Qxa4 d2 35.
Rcd1 Rxc5 36. Rxd2 Rf5 37. Nd7 Ra8 38. a6 Rxf4 39. Qb5 Rg4+ 40. Kh1 Rh4+ 41.
Kg2 Qh2+ 42. Kf3 Qf4+ 43. Ke2 Qe4+ 44. Kd1 Qa4+ 45. Qxa4 Rxa4 46. Nc5 Ra5 47.
Rc2 Bf8 48. Nd7 Rd5+ 49. Rd2 Rxd2+ 50. Kxd2 Rd8 51. Kd3 0-1